| 000 | 00522nam a22001937a 4500 | ||
|---|---|---|---|
| 003 | NUST - PNEC | ||
| 005 | 20170116180759.0 | ||
| 008 | 150410b xxu||||| |||| 00| 0 eng d | ||
| 020 | _a0672603489 | ||
| 040 | _cLIBRARY | ||
| 082 | _a297.082 JEF | ||
| 100 |
_92344 _aJeffery, Arthur |
||
| 245 |
_aIslam; MuḼammad and his religion. _cJeffery, Arthur |
||
| 250 | _a1st ed. | ||
| 260 |
_aU S A _bYew York _cC 1958 |
||
| 300 | _a252 . : | ||
| 650 |
_92345 _aIslam; MuḼammad and his religion. _xIslam |
||
| 942 |
_2ddc _cBK |
||
| 999 |
_c62872 _d62872 |
||